El avestruz: sistema de producción en Chile

Saved in:
Bibliografiske detaljer
Corporate Authors: Fundación para la Innovación Agraria (Author), FIA (Author)
Format: Bog
Sprog:spansk
Udgivet: Santiago Fundación para la Innovación Agraria 2004
Serier:Manuales para la Innovación
Fag:
Tags: Tilføj Tag
Ingen Tags, Vær først til at tagge denne postø!

MARC

LEADER 00000nam a2200000 a 4500
001 UCL9834
003 CL-VaPUC
008 040827e20040000CL |||||||||||||||||spa|d
020 |a 9567874557 
082 0 4 |a 636.694  |b FUN  |2 21 
110 2 |a Fundación para la Innovación Agraria  |e author  |9 487744 
710 2 |a FIA  |e author  |9 487745 
245 1 3 |a El avestruz: sistema de producción en Chile 
300 |a 189 p 
942 |c BK 
945 |d 20040827 00:00:00  |a cmena 
260 |a Santiago  |b Fundación para la Innovación Agraria  |c 2004 
650 7 |a CRIA DE AVESTRUCES  |2 CL-VaPUC  |9 487746 
650 7 |a AVESTRUZ  |2 CL-VaPUC  |9 476156 
650 0 |a Producción agrícola  |9 353481 
650 7 |a EXPORTACIONES NO TRADICIONALES  |2 CL-VaPUC  |9 487747 
651 7 |a CHILE  |2 CL-VaPUC  |9 487748 
583 |a last modification  |c 20040827 00:00:00  |k Rodrigo Vera 
490 0 |a Manuales para la Innovación 
999 |c 310477  |d 310475 
952 |0 0  |1 0  |4 0  |6 636_694000000000000_FUN_2004  |7 0  |8 A  |9 378992  |a BIBAGR  |b BIBAGR  |d 2019-11-21  |i 4055225  |o 636.694 FUN 2004  |p 4055225  |r 2025-01-20  |w 2019-11-21  |y BK  |k AGR 
952 |0 0  |1 0  |4 0  |6 636_694000000000000_FUN_2004  |7 0  |8 A  |9 378993  |a BIBAGR  |b BIBAGR  |d 2019-11-21  |i 4635736  |o 636.694 FUN 2004  |p 4635736  |r 2025-01-20  |w 2019-11-21  |y BK  |k AGR